Top 10 Oldest Living NFL MVPs - Statistics

General Stats
  • This quiz has been taken 21 times
    14 since last reset
  • The average score is 5 of 10
Answer Stats
Age Player % Correct
86 Jim Brown
77%
74 Larry Brown
77%
73 Terry Bradshaw
77%
76 Alan Page
54%
86 John Brodie
54%
74 O.J. Simpson
54%
82 Fran Tarkenton
46%
81 Roman Gabriel
31%
73 Ken Anderson
15%
74 Mark Moseley
15%
No matching quizzes found
Score Distribution
Percent of People with Each Score
Percentile by Number Answered
Your Score History
You have not taken this quiz since the last reset